[Event "Hillerod-ch Master"]
[Site "Hillerod"]
[Date "2022.05.15"]
[Round "3"]
[White "Petersen, Peter Birk"]
[Black "Erlandsen, Carsten"]
[Result "0-1"]
[WhiteElo "2164"]
[BlackElo "2070"]
[PlyCount "52"]
[EventDate "2022.05.15"]
[EventType "tourn"]
[EventRounds "5"]
[EventCountry "DEN"]
[SourceTitle "EXT 2024"]
[Source "ChessBase"]
[SourceDate "2023.10.10"]
[SourceVersion "1"]
[SourceVersionDate "2023.10.10"]
[SourceQuality "1"]

1. e4 c5 2. Nf3 d6 3. d4 cxd4 4. Nxd4 Nf6 5. Nc3 a6 6. Be2 e5 7. Nb3 Be6 8. 0-0 Nbd7 9. f4 Qc7 10. Nd5 Bxd5 11. exd5 Nb6 12. Bf3 Be7 13. Re1 0-0 14. Qd3 Rfe8 15. fxe5 dxe5 16. Bd2 Rad8 17. Ba5 Bc5+ 18. Kf1 e4 19. Qc3 Qxh2 20. Nxc5 Nbxd5 21. Qb3 exf3 22. Qxf3 b6 23. c4 Ne3+ 24. Rxe3 Qh1+ 25. Ke2 Qxa1 26. Nb3 Qd1+ 0-1

[Event "EU-Cup 35th"]
[Site "Ulcinj"]
[Date "2019.11.16"]
[Round "7.31"]
[White "Erlandsen, Carsten"]
[Black "Winkels, Marcel"]
[Result "1-0"]
[WhiteElo "2058"]
[BlackElo "1972"]
[PlyCount "103"]
[EventDate "2019.11.10"]
[EventType "team-swiss"]
[EventRounds "7"]
[EventCountry "MNE"]
[SourceTitle "EXT 2021"]
[Source "ChessBase"]
[SourceDate "2020.10.23"]
[SourceVersion "1"]
[SourceVersionDate "2020.10.23"]
[SourceQuality "1"]
[WhiteTeam "Hillerod"]
[BlackTeam "Zuid Limburg"]
[WhiteTeamCountry "DEN"]
[BlackTeamCountry "NED"]

1. d4 Nf6 2. Nf3 g6 3. Nc3 d5 4. g3 Bg7 5. Bg2 0-0 6. 0-0 a6 7. Bg5 h6 8. Bxf6 Bxf6 9. e4 e6 10. Qd2 Bg7 11. Rad1 Nc6 12. Rfe1 Ne7 13. Ne5 c6 14. Ne2 b5 15. Nf4 Bb7 16. c3 Qc7 17. Nfd3 Rad8 18. Qe2 Nc8 19. f4 Nd6 20. Nc5 Nc4 21. Nxc4 bxc4 22. b3 cxb3 23. axb3 a5 24. Ra1 Ra8 25. Ra4 Rfb8 26. Rea1 Bf8 27. Qa2 Bxc5 28. dxc5 Qe7 29. Qf2 dxe4 30. Rxe4 Rd8 31. Rd4 Kh7 32. Rad1 Rxd4 33. Qxd4 Rc8 34. Qd6 Rc7 35. Ra1 Qxd6 36. cxd6 Rd7 37. Rd1 Kg7 38. c4 Kf8 39. c5 Ba8 40. Ra1 Ra7 41. b4 a4 42. Ra3 Bb7 43. Bf1 Ra8 44. Kf2 Ke8 45. Ke3 Kd7 46. Kd4 f6 47. Bd3 g5 48. Bc2 Rg8 49. Rxa4 gxf4 50. gxf4 Rg4 51. Ke4 e5 52. Ra7 1-0

[Event "Teplice op 10th"]
[Site "Teplice"]
[Date "2015.06.17"]
[Round "5"]
[White "Erlandsen, Carsten"]
[Black "Zarubitski, Viachaslau"]
[Result "1/2-1/2"]
[WhiteElo "2000"]
[BlackElo "2196"]
[PlyCount "119"]
[EventDate "2015.06.13"]
[EventType "swiss"]
[EventRounds "9"]
[EventCountry "CZE"]
[SourceTitle "EXT 2017"]
[Source "ChessBase"]
[SourceDate "2016.10.25"]
[SourceVersion "1"]
[SourceVersionDate "2016.10.25"]
[SourceQuality "1"]

1. d4 Nf6 2. c4 Nc6 3. Nc3 e5 4. d5 Ne7 5. e4 Ng6 6. h4 h5 7. Bg5 Be7 8. g3 Ng4 9. Bxe7 Qxe7 10. Bh3 Qb4 11. Qe2 a5 12. Nf3 d6 13. 0-0 Qb6 14. Kg2 Bd7 15. Rab1 Rf8 16. b3 f5 17. Ng5 f4 18. Rbe1 0-0-0 19. Nd1 Rde8 20. f3 Nf6 21. Bxd7+ Nxd7 22. Ne6 fxg3 23. Kxg3 Nf4 24. Nxf4 Rxf4 25. Nf2 Rf6 26. Nh3 Re7 27. Rg1 Nf8 28. Kh2 Ng6 29. Rg5 Nxh4 30. f4 exf4 31. Qxh5 Rh6 32. Qg4+ Kb8 33. Qxf4 Re8 34. Rxg7 Reh8 35. Reg1 Ka7 36. R1g3 Qd4 37. Qe3 Qxe3 38. Rxe3 Ng6 39. Kg2 Rxh3 40. Rxh3 Nf4+ 41. Kg3 Nxh3 42. Rxc7 Ng1 43. Kf2 Nh3+ 44. Kg3 Ng1 45. Kf2 Rg8 46. Rh7 Rg4 47. Rh1 Rxe4 48. Rxg1 Kb6 49. Rg6 Kc5 50. Rg7 b5 51. Rc7+ Kd4 52. cxb5 Kxd5 53. b6 Rb4 54. b7 Ke5 55. Ke3 d5 56. Kd3 Kd6 57. Rh7 Kc6 58. Kc3 Rxb7 59. Rxb7 Kxb7 60. Kd4 1/2-1/2

[Event "Barcelona Sants op 15th"]
[Site "Barcelona"]
[Date "2013.08.23"]
[Round "1"]
[White "Erlandsen, Carsten"]
[Black "Bruzon Batista, Lazaro"]
[Result "0-1"]
[WhiteElo "2104"]
[BlackElo "2698"]
[PlyCount "42"]
[EventDate "2013.08.23"]
[EventType "swiss"]
[EventRounds "10"]
[EventCountry "ESP"]
[SourceTitle "CBM 156 Extra"]
[Source "ChessBase"]
[SourceDate "2013.10.22"]
[SourceVersion "1"]
[SourceVersionDate "2013.10.22"]
[SourceQuality "1"]

1. d4 Nf6 2. c4 g6 3. Nc3 Bg7 4. e4 d6 5. Bg5 0-0 6. f4 c5 7. d5 b5 8. e5 b4 9. Nb5 Ne4 10. Bh4 dxe5 11. d6 Nxd6 12. Qxd6 Qxd6 13. Nxd6 exd6 14. 0-0-0 exf4 15. Rxd6 Nd7 16. Nf3 Re8 17. Bd3 Ne5 18. Re1 Bb7 19. Be2 h6 20. Bf2 Bf8 21. Rf6 Ng4 0-1

[Event "DEN-chT 1112 50th"]
[Site "Denmark"]
[Date "2011.12.04"]
[Round "3.5"]
[White "Boe, Mads"]
[Black "Erlandsen, Carsten"]
[Result "1-0"]
[WhiteElo "2347"]
[BlackElo "2105"]
[PlyCount "49"]
[EventDate "2011.10.29"]
[EventType "team-tourn"]
[EventRounds "9"]
[EventCountry "DEN"]
[SourceTitle "EXT 2013"]
[Source "ChessBase"]
[SourceDate "2012.11.22"]
[SourceVersion "1"]
[SourceVersionDate "2012.11.22"]
[SourceQuality "1"]
[WhiteTeam "Nordea"]
[BlackTeam "Hillerod"]
[WhiteTeamCountry "DEN"]
[BlackTeamCountry "DEN"]

1. e4 c5 2. c3 d5 3. exd5 Nf6 4. d4 cxd4 5. Qxd4 Qxd5 6. Qxd5 Nxd5 7. Bc4 Nb6 8. Bb3 e6 9. Nf3 Nc6 10. Be3 Nd7 11. Nbd2 b6 12. 0-0-0 Bb7 13. Nc4 Nc5 14. Bc2 Rd8 15. b4 Rxd1+ 16. Rxd1 Nd7 17. Ba4 Ncb8 18. Nfe5 Bc8 19. Bxb6 f6 20. Bxa7 Ke7 21. Nd6 fxe5 22. Nxc8+ Kd8 23. Nb6 Kc7 24. Nxd7 Nxd7 25. Rxd7+ 1-0

[Event "Sabadell op 4th"]
[Site "Sabadell"]
[Date "2011.08.15"]
[Round "5"]
[White "Alarcon Casellas, Rolando"]
[Black "Erlandsen, Carsten"]
[Result "1-0"]
[WhiteElo "2453"]
[BlackElo "2090"]
[PlyCount "51"]
[EventDate "2011.08.10"]
[EventType "swiss"]
[EventRounds "9"]
[EventCountry "ESP"]
[SourceTitle "CBM 144 Extra"]
[Source "ChessBase"]
[SourceDate "2011.10.28"]
[SourceVersion "1"]
[SourceVersionDate "2011.10.28"]
[SourceQuality "1"]

1. e4 e5 2. Nf3 d6 3. d4 Nf6 4. Nc3 Nbd7 5. g4 exd4 6. Qxd4 c5 7. Qa4 Be7 8. g5 Ng4 9. h3 Nge5 10. Nxe5 dxe5 11. Be3 0-0 12. 0-0-0 Bxg5 13. Bb5 a6 14. Bxd7 b5 15. Bxb5 axb5 16. Qxa8 Bxe3+ 17. fxe3 Qg5 18. Qd5 b4 19. Na4 Qxe3+ 20. Kb1 Be6 21. Qd3 Qf2 22. Rhf1 Qd4 23. Qf3 Qc4 24. b3 Qb5 25. Rd6 Qb8 26. Rxe6 1-0

[Event "Vienna op 16th"]
[Site "Vienna"]
[Date "2009.08.15"]
[Round "1"]
[White "Borchert, Finn"]
[Black "Erlandsen, Carsten"]
[Result "1/2-1/2"]
[WhiteElo "1749"]
[BlackElo "2129"]
[PlyCount "59"]
[EventDate "2009.08.15"]
[EventType "swiss"]
[EventRounds "9"]
[EventCountry "AUT"]
[SourceTitle "CBM 131 Extra"]
[Source "ChessBase"]
[SourceDate "2009.09.03"]
[SourceVersion "2"]
[SourceVersionDate "2009.09.16"]
[SourceQuality "1"]

1. e4 c5 2. Nc3 a6 3. g3 b5 4. Bg2 Bb7 5. f4 e6 6. d3 Nf6 7. Nf3 b4 8. Ne2 d5 9. e5 Nfd7 10. d4 Nc6 11. g4 cxd4 12. 0-0 Qb6 13. Nexd4 Bc5 14. Be3 0-0 15. Bf2 Rfc8 16. Qd3 a5 17. Nxc6 Qxc6 18. Ng5 Nf8 19. f5 Ba6 20. Qf3 Bxf1 21. Rxf1 exf5 22. Qxf5 Qg6 23. Qxg6 Nxg6 24. Bxd5 Bxf2+ 25. Rxf2 Ra7 26. Nxf7 Rc5 27. Nh6+ Kh8 28. Nf7+ Kg8 29. Nh6+ Kh8 30. Nf7+ 1/2-1/2

[Event "Calvia op 2nd"]
[Site "Calvia"]
[Date "2005.10.25"]
[Round "6"]
[White "Erlandsen, Carsten"]
[Black "Pena Gomez, Manuel"]
[Result "0-1"]
[WhiteElo "2155"]
[BlackElo "2315"]
[PlyCount "89"]
[EventDate "2005.10.21"]
[EventType "swiss"]
[EventRounds "9"]
[EventCountry "ESP"]
[SourceTitle "EXT 2006"]
[Source "ChessBase"]
[SourceDate "2005.11.24"]
[SourceVersion "1"]
[SourceVersionDate "2005.11.24"]
[SourceQuality "1"]

1. d4 Nf6 2. c4 g6 3. Nc3 Bg7 4. e4 d6 5. Bg5 c5 6. d5 0-0 7. f4 Qa5 8. Qd2 e6 9. dxe6 Bxe6 10. Bd3 Re8 11. Nge2 a6 12. 0-0 Bg4 13. Ng3 h6 14. Bh4 Nc6 15. h3 Bd7 16. Rae1 Nh7 17. e5 Nd4 18. Qf2 dxe5 19. fxe5 Be6 20. Nd5 g5 21. Nh5 gxh4 22. Nxg7 Kxg7 23. Bxh7 Kxh7 24. Nf6+ Kg7 25. Nxe8+ Rxe8 26. Qf6+ Kh7 27. Qxh4 Rg8 28. Qe4+ Rg6 29. Rf2 Qxa2 30. Qxb7 Qxc4 31. Ref1 Kg7 32. Qe4 Bd5 33. Qe1 Qd3 34. e6 Bxe6 35. Qe5+ Kg8 36. Qb8+ Kh7 37. Rxf7+ Bxf7 38. Rxf7+ Rg7 39. Rxg7+ Kxg7 40. Qe5+ Kf7 41. Qc7+ Ke6 42. Qc8+ Kd6 43. Qb8+ Kc6 44. Qa8+ Kb5 45. Qe8+ 0-1

[Event "Calvia op 2nd"]
[Site "Calvia"]
[Date "2005.10.24"]
[Round "5"]
[White "Ruiz Vinals, Matias"]
[Black "Erlandsen, Carsten"]
[Result "0-1"]
[WhiteElo "2071"]
[BlackElo "2155"]
[PlyCount "85"]
[EventDate "2005.10.21"]
[EventType "swiss"]
[EventRounds "9"]
[EventCountry "ESP"]
[SourceTitle "EXT 2006"]
[Source "ChessBase"]
[SourceDate "2005.11.24"]
[SourceVersion "1"]
[SourceVersionDate "2005.11.24"]
[SourceQuality "1"]

1. d4 Nf6 2. c4 c5 3. d5 b5 4. cxb5 a6 5. b6 d6 6. Nc3 Nbd7 7. e4 Nxb6 8. a4 a5 9. Nf3 g6 10. Bb5+ Bd7 11. Qe2 Bg7 12. 0-0 0-0 13. Rd1 Ne8 14. h3 Nc7 15. Bf4 Nxb5 16. axb5 f6 17. Ra3 Qc7 18. Rda1 Rfb8 19. Nd2 Rb7 20. Be3 Kf7 21. f4 f5 22. Nf3 fxe4 23. Ng5+ Kg8 24. Bd2 Bd4+ 25. Kh1 e3 26. Bxe3 Bxc3 27. Rxc3 Nxd5 28. Qc4 e6 29. f5 Bxb5 30. Qh4 exf5 31. Rd1 Nxc3 32. bxc3 Qe7 33. Bf4 Rd8 34. Re1 Be2 35. Bc1 d5 36. Qf2 Rc8 37. Nf3 Rb1 38. Ng1 Rxc1 39. Rxc1 Bc4 40. Rb1 d4 41. Nf3 Qe3 42. Qh4 Qe4 43. Qf6 0-1

[Event "Calvia op 2nd"]
[Site "Calvia"]
[Date "2005.10.22"]
[Round "2"]
[White "Erlandsen, Carsten"]
[Black "Sion Castro, Marcelino"]
[Result "0-1"]
[WhiteElo "2155"]
[BlackElo "2392"]
[PlyCount "58"]
[EventDate "2005.10.21"]
[EventType "swiss"]
[EventRounds "9"]
[EventCountry "ESP"]
[SourceTitle "EXT 2006"]
[Source "ChessBase"]
[SourceDate "2005.11.24"]
[SourceVersion "1"]
[SourceVersionDate "2005.11.24"]
[SourceQuality "1"]

1. d4 Nf6 2. c4 g6 3. Nc3 d5 4. Nf3 Bg7 5. e3 0-0 6. b4 c6 7. Qb3 dxc4 8. Bxc4 b5 9. Bxf7+ Rxf7 10. Ne5 e6 11. Nxf7 Kxf7 12. Bb2 a5 13. a3 axb4 14. axb4 Rxa1+ 15. Bxa1 Na6 16. 0-0 Bf8 17. f4 Ke8 18. Na2 Qd5 19. Qa3 Bb7 20. Nc3 Qc4 21. Na2 Ne4 22. Rc1 Qe2 23. Qb3 c5 24. Qxe6+ Be7 25. d5 Qxe3+ 26. Kh1 Nf2+ 27. Kg1 Nh3+ 28. Kh1 Qg1+ 29. Rxg1 Nf2# 0-1

[Event "Genova Ducale op"]
[Site "Genova"]
[Date "2003.09.24"]
[Round "4"]
[White "Mrdja, Milan"]
[Black "Erlandsen, Carsten"]
[Result "1-0"]
[WhiteElo "2384"]
[BlackElo "2142"]
[PlyCount "55"]
[EventDate "2003.09.??"]
[EventType "swiss"]
[EventRounds "9"]
[EventCountry "ITA"]
[SourceTitle "EXT 2005"]
[Source "ChessBase"]
[SourceDate "2004.11.15"]
[SourceVersion "1"]
[SourceVersionDate "2004.11.15"]
[SourceQuality "1"]

1. e4 c5 2. Nf3 d6 3. d4 cxd4 4. Nxd4 Nf6 5. f3 a6 6. c4 e5 7. Nc2 Be6 8. Nc3 Be7 9. Ne3 Nbd7 10. Be2 Rc8 11. 0-0 0-0 12. Kh1 Kh8 13. Bd2 Nb6 14. b3 Nh5 15. g3 g6 16. f4 Bh3 17. Bxh5 Bxf1 18. Bg4 f5 19. exf5 exf4 20. Nxf1 gxf5 21. Bf3 Bf6 22. gxf4 d5 23. Nxd5 Nxd5 24. Bxd5 Qc7 25. Rc1 Rce8 26. Ng3 Qd7 27. Nh5 Bd4 28. Bb4 1-0

[Event "Lovfalds EMT 16th Master 1"]
[Site "Ringsted"]
[Date "2002.09.14"]
[Round "2"]
[White "Lauridsen, Jesper Morch"]
[Black "Erlandsen, Carsten"]
[Result "1-0"]
[WhiteElo "2290"]
[BlackElo "2063"]
[PlyCount "59"]
[EventDate "2002.09.13"]
[EventType "tourn"]
[EventRounds "5"]
[EventCountry "DEN"]
[SourceTitle "EXT 2023"]
[Source "ChessBase"]
[SourceDate "2022.10.05"]
[SourceVersion "1"]
[SourceVersionDate "2022.10.05"]
[SourceQuality "1"]

1. e4 c5 2. Nf3 d6 3. d4 cxd4 4. Nxd4 Nf6 5. Nc3 a6 6. Bc4 e6 7. Bb3 Nbd7 8. f4 Nc5 9. Qf3 Qc7 10. f5 e5 11. Nde2 Nxb3 12. cxb3 b5 13. Be3 Bb7 14. 0-0 b4 15. Nd5 Nxd5 16. exd5 Be7 17. Ng3 Qa5 18. Rfd1 f6 19. a3 0-0 20. a4 Rfc8 21. Qf2 Bd8 22. Ne4 Bxd5 23. Nxd6 Bxb3 24. Rd2 Rc6 25. Qf3 Qc7 26. Bf2 Rc1+ 27. Rd1 Rxa1 28. Rxa1 Qxd6 29. Qxa8 Bd5 30. Rd1 1-0

[Event "Lovfalds EMT 16th Master 1"]
[Site "Ringsted"]
[Date "2002.09.13"]
[Round "1"]
[White "Erlandsen, Carsten"]
[Black "Nielsen, Thomas Bach"]
[Result "1/2-1/2"]
[WhiteElo "2063"]
[BlackElo "2206"]
[PlyCount "54"]
[EventDate "2002.09.13"]
[EventType "tourn"]
[EventRounds "5"]
[EventCountry "DEN"]
[SourceTitle "EXT 2023"]
[Source "ChessBase"]
[SourceDate "2022.10.05"]
[SourceVersion "1"]
[SourceVersionDate "2022.10.05"]
[SourceQuality "1"]

1. d4 f5 2. c4 Nf6 3. Nf3 g6 4. g3 Bg7 5. Bg2 0-0 6. 0-0 d6 7. Nc3 Nc6 8. d5 Ne5 9. Nxe5 dxe5 10. e4 f4 11. b4 g5 12. f3 e6 13. Qb3 exd5 14. cxd5 Kh8 15. Bb2 fxg3 16. hxg3 Nh5 17. Ne2 g4 18. f4 exf4 19. Nxf4 Nxf4 20. Rxf4 Rxf4 21. gxf4 Qh4 22. Bxg7+ Kxg7 23. Qc3+ Kg8 24. Qxc7 g3 25. Qe5 Qh2+ 26. Kf1 Bh3 27. Qg5+ Kh8 1/2-1/2

[Event "Cullera op 23rd"]
[Site "Valencia"]
[Date "2002.07.19"]
[Round "2"]
[White "Erlandsen, Carsten"]
[Black "Lezcano Jaen, Pedro"]
[Result "0-1"]
[WhiteElo "2151"]
[BlackElo "2402"]
[PlyCount "84"]
[EventDate "2002.07.18"]
[EventType "swiss"]
[EventRounds "9"]
[EventCountry "ESP"]
[SourceTitle "CBM 089 Extra"]
[Source "ChessBase"]
[SourceDate "2002.09.10"]
[SourceVersion "2"]
[SourceVersionDate "2002.09.10"]
[SourceQuality "1"]

1. d4 Nf6 2. c4 e6 3. Nf3 Bb4+ 4. Bd2 Qe7 5. g3 Nc6 6. Bg2 Bxd2+ 7. Nbxd2 a5 8. 0-0 d6 9. a3 0-0 10. Rc1 e5 11. d5 Nb8 12. Ne1 Na6 13. Qc2 Bd7 14. b3 c6 15. e4 cxd5 16. exd5 b5 17. Nd3 Bf5 18. Rfe1 b4 19. Ne4 Nd7 20. axb4 axb4 21. Qd2 Bxe4 22. Bxe4 f5 23. Bg2 Nac5 24. Nxc5 Nxc5 25. Qc2 Ra3 26. Rb1 Qa7 27. Bf1 f4 28. Kg2 e4 29. Red1 fxg3 30. hxg3 Rf3 31. Qe2 Raxb3 32. Rxb3 Rxb3 33. Qh5 Qf7 34. Qg5 Qf6 35. Qxf6 gxf6 36. Be2 Rb2 37. Kf1 b3 38. Ke1 Ra2 39. Rb1 f5 40. f3 e3 41. Kd1 Rd2+ 42. Ke1 b2 0-1

[Event "Hillerod NSU op"]
[Site "Hillerod"]
[Date "2001.01.07"]
[Round "5"]
[White "Tolstrup, Thomas"]
[Black "Erlandsen, Carsten"]
[Result "0-1"]
[WhiteElo "1934"]
[BlackElo "2047"]
[PlyCount "132"]
[EventDate "2001.01.05"]
[EventType "swiss"]
[EventRounds "5"]
[EventCountry "DEN"]
[SourceTitle "EXT 2018"]
[Source "ChessBase"]
[SourceDate "2017.10.13"]
[SourceVersion "1"]
[SourceVersionDate "2017.10.13"]
[SourceQuality "1"]

1. Nf3 Nf6 2. c4 g6 3. g3 Bg7 4. Bg2 0-0 5. d4 d6 6. 0-0 c6 7. Nc3 Qa5 8. h3 Be6 9. d5 cxd5 10. Nd4 Bd7 11. cxd5 Na6 12. Nb3 Qc7 13. Be3 Rfc8 14. Rc1 Qd8 15. Qd2 Nc5 16. Nxc5 dxc5 17. Ne4 Nxe4 18. Bxe4 Bxh3 19. Rfd1 b6 20. d6 Rab8 21. Kh2 Bf5 22. Bxf5 gxf5 23. Bh6 Qxd6 24. Qxd6 exd6 25. Bxg7 Kxg7 26. Rxd6 Re8 27. e3 Rbd8 28. Rcd1 Rxd6 29. Rxd6 Re6 30. Rd7 a6 31. Kg2 Rc6 32. Rd5 Kf6 33. Kf3 Ke6 34. Rd2 Rd6 35. Rc2 Ke5 36. Ke2 Kd5 37. Kf3 Ke5 38. Ke2 Rc6 39. Kd3 b5 40. f3 c4+ 41. Kc3 Rd6 42. Re2 Rd1 43. g4 Rf1 44. f4+ Ke4 45. gxf5 a5 46. b3 cxb3 47. axb3 Rh1 48. Rd2 Rc1+ 49. Kb2 Rc5 50. f6 Rf5 51. Rh2 Rxf6 52. Rxh7 Kxe3 53. Rh5 b4 54. Rxa5 Rxf4 55. Rc5 f5 56. Rc8 Re4 57. Kc2 Ke2 58. Rc4 Ke3 59. Rc5 f4 60. Kd1 Kf2 61. Rc2+ Kf1 62. Rc4 Rxc4 63. bxc4 Kg2 64. Kc2 f3 65. Kb3 f2 66. Kxb4 f1Q 0-1

[Event "Politiken Cup 22nd"]
[Site "Copenhagen"]
[Date "2000.07.27"]
[Round "10"]
[White "Bering, Anders"]
[Black "Erlandsen, Carsten"]
[Result "1/2-1/2"]
[WhiteElo "2007"]
[BlackElo "2165"]
[PlyCount "32"]
[EventDate "2000.07.17"]
[EventType "swiss"]
[EventRounds "11"]
[EventCountry "DEN"]
[SourceTitle "CBM 077 Extra"]
[Source "ChessBase"]
[SourceDate "2000.09.14"]
[SourceVersion "1"]
[SourceVersionDate "2000.09.14"]
[SourceQuality "1"]

1. e4 e5 2. Nf3 d6 3. d4 Nf6 4. dxe5 Nxe4 5. Qd5 Nc5 6. Bg5 Be7 7. exd6 Qxd6 8. Nc3 0-0 9. 0-0-0 Ne6 10. Bxe7 Qxe7 11. Bd3 Nd7 12. Rhe1 Qc5 13. Bf5 Nf6 14. Qxc5 Nxc5 15. Bxc8 Raxc8 16. Nd5 Nxd5 1/2-1/2

[Event "Politiken Cup 22nd"]
[Site "Copenhagen"]
[Date "2000.07.26"]
[Round "9"]
[White "Erlandsen, Carsten"]
[Black "Petersen, Nils"]
[Result "1/2-1/2"]
[WhiteElo "2165"]
[BlackElo "2038"]
[PlyCount "173"]
[EventDate "2000.07.17"]
[EventType "swiss"]
[EventRounds "11"]
[EventCountry "DEN"]
[SourceTitle "CBM 077 Extra"]
[Source "ChessBase"]
[SourceDate "2000.09.14"]
[SourceVersion "1"]
[SourceVersionDate "2000.09.14"]
[SourceQuality "1"]

1. d4 d5 2. c4 e6 3. Nf3 c6 4. g3 f5 5. Bg2 Nf6 6. 0-0 Bd6 7. b3 Qe7 8. a4 Nbd7 9. Ba3 Bxa3 10. Nxa3 a5 11. Nc2 0-0 12. Nce1 Kh8 13. Nd3 Rd8 14. Qc2 Nf8 15. Rfb1 Ng6 16. Rb2 Ne4 17. c5 Ng5 18. Nxg5 Qxg5 19. f4 Qf6 20. e3 Bd7 21. b4 axb4 22. a5 Ra7 23. Rxb4 Rda8 24. Qb2 Bc8 25. Rba4 Qd8 26. Qb6 Qe8 27. Bf1 Ra6 28. Qb4 R6a7 29. Qb6 Ra6 30. Qb4 R6a7 31. Ne1 Nf8 32. Nf3 Nd7 33. Be2 h6 34. Kg2 Qd8 35. Nd2 Qe7 36. Nb3 g5 37. Qd2 Nf6 38. Rb4 Bd7 39. Rb6 Bc8 40. Qe1 Nd7 41. Rb4 Nb8 42. Rb1 Na6 43. Rb6 Nc7 44. h3 Qf7 45. Qf2 Kg8 46. Rf1 Bd7 47. Qe1 Ne8 48. Qb4 Bc8 49. a6 bxa6 50. Na5 Bd7 51. Rb7 Rxb7 52. Qxb7 Rc8 53. Rb1 Rc7 54. Qxa6 Bc8 55. Qd3 Qd7 56. Rb6 Nf6 57. Qb1 Kg7 58. Qf1 Ng8 59. Bd3 Ne7 60. Qe2 Ra7 61. Nb3 Bb7 62. fxg5 hxg5 63. Qh5 Kf6 64. Qh8+ Kf7 65. Qb8 Nc8 66. Na5 Ba8 67. Ra6 Ke7 68. Rxa7 Qxa7 69. Qxa7+ Nxa7 70. Ba6 Kf6 71. Kf3 e5 72. dxe5+ Kxe5 73. Nb3 Nb5 74. Bxb5 cxb5 75. Nd4 b4 76. h4 gxh4 77. gxh4 f4 78. h5 b3 79. Nxb3 d4+ 80. Ke2 dxe3 81. h6 Kf6 82. Nd4 Kg6 83. Ne6 f3+ 84. Kxe3 Kxh6 85. Nd4 Kg5 86. Nxf3+ Bxf3 87. Kxf3 1/2-1/2

[Event "Politiken Cup 22nd"]
[Site "Copenhagen"]
[Date "2000.07.25"]
[Round "8"]
[White "Haugsdal, Arn Tore"]
[Black "Erlandsen, Carsten"]
[Result "1-0"]
[WhiteElo "2134"]
[BlackElo "2165"]
[PlyCount "67"]
[EventDate "2000.07.17"]
[EventType "swiss"]
[EventRounds "11"]
[EventCountry "DEN"]
[SourceTitle "CBM 077 Extra"]
[Source "ChessBase"]
[SourceDate "2000.09.14"]
[SourceVersion "1"]
[SourceVersionDate "2000.09.14"]
[SourceQuality "1"]

1. e4 e5 2. Nf3 d6 3. d4 Nf6 4. Bc4 exd4 5. 0-0 Be7 6. Nxd4 0-0 7. Nc3 c6 8. a4 Nxe4 9. Nxe4 d5 10. Bd3 dxe4 11. Bxe4 Bf6 12. Be3 Qe7 13. Qf3 g6 14. Rfe1 Nd7 15. Nf5 gxf5 16. Qxf5 Rd8 17. Bh6 Nf8 18. Bxf8 Kxf8 19. Qxh7 Be6 20. Ra3 Bg7 21. Rf3 Qg5 22. Bd3 Bd5 23. Rg3 Qh6 24. Qf5 Qf6 25. Qg4 Re8 26. Rf1 Qxb2 27. h4 Qf6 28. h5 Re5 29. f4 Re6 30. Kh2 Be4 31. Bc4 Bf5 32. Qg5 Re4 33. Bd3 Qxg5 34. Rxg5 1-0